000
002820000a22000970004500
100
1
_a
Bonilla Ríos, Daniel
245
1
0
_a
El mensaje a las siete iglesias : Apocalipsis 1.9 - 3.23
300
_a
Vol. 21, Num. 1 (Mayo, 2001), Páginas 63-72
773
0
_t
Vida y pensamiento
942
_c
ANA
999
_c
53149
_d
53149